Súvaha komerčnej poisťovne ako zdroj informácií vo finančnom sektore diplomová práca

Gespeichert in:
Bibliographische Detailangaben
1. Verfasser: Sigetová, Katarína, 1995-
Körperschaft: Fakulta hospodárskej informatiky EU. Katedra účtovníctva a audítorstva
Weitere Verfasser: Juhászová, Zuzana, 1970-
Format: Buch
Sprache:Slowakisch
Veröffentlicht: Bratislava 2020
Tags: Tag hinzufügen
Keine Tags, Fügen Sie das erste Tag hinzu!

MARC

LEADER 00000nbm a2200000 4500
001 0266641
005 20210501141650.6
041 0 |a slo 
044 |a SK 
245 1 0 |a Súvaha komerčnej poisťovne ako zdroj informácií vo finančnom sektore  |b diplomová práca  |c Katarína Sigetová ; školiteľ: Zuzana Juhászová 
264 1 |a Bratislava  |c 2020 
300 |a 67 s. 
100 1 |a Sigetová, Katarína, 1995- 
700 1 |a Juhászová, Zuzana, 1970- 
710 2 |a Fakulta hospodárskej informatiky EU. Katedra účtovníctva a audítorstva